00515nmm a2200169Ia 4500008004100000020001800041041000800059100003000067245006000097264005300157300001800210490001900228650002200247856005200269942000700321999001700328251105s9999||||xx |||||||||||||||||und|| a9788499676838 aspa aHuguet Santos, Montserrat 0aBreve historia de la guerra civil de los Estados Unidos a[Madrid, España] :bEdiciones Nowtilus, c2015 a336 páginas aBreve historia aHistory (General) uhttps://public.digitaliapublishing.com/a/171944 cCF c93150d93150